[Event "Krefeld Christmas op"]
[Site "Krefeld"]
[Date "2024.12.29"]
[Round "4"]
[White "Pfaar, Zeno"]
[Black "Verfuerth, Kevin"]
[Result "1/2-1/2"]
[WhiteElo "2019"]
[BlackElo "2051"]
[PlyCount "38"]
[EventDate "2024.12.27"]
[EventType "swiss"]
[EventRounds "7"]
[EventCountry "GER"]
[SourceTitle "CB01_2025"]
[SourceDate "2025.01.01"]
[SourceVersion "1"]
[SourceVersionDate "2025.01.01"]
[SourceQuality "1"]

1. e4 c5 2. Nf3 Nc6 3. d4 cxd4 4. Nxd4 g6 5. c4 Bg7 6. Be3 Nf6 7. Nc3 0-0 8. Be2 d6 9. 0-0 Nxd4 10. Bxd4 Be6 11. Nd5 Nxe4 12. Bxg7 Kxg7 13. Qd4+ Nf6 14. Nxf6 exf6 15. Rfd1 Qa5 16. Bf3 Rac8 17. b3 b5 18. cxb5 Rc2 19. Qxd6 Rxa2 1/2-1/2

[Event "Krefeld Christmas op"]
[Site "Krefeld"]
[Date "2024.12.29"]
[Round "5"]
[White "Ritzenhoff, Tomke"]
[Black "Pfaar, Zeno"]
[Result "1-0"]
[WhiteElo "1855"]
[BlackElo "2019"]
[PlyCount "65"]
[EventDate "2024.12.27"]
[EventType "swiss"]
[EventRounds "7"]
[EventCountry "GER"]
[SourceTitle "CB01_2025"]
[SourceDate "2025.01.01"]
[SourceVersion "1"]
[SourceVersionDate "2025.01.01"]
[SourceQuality "1"]

1. d4 Nf6 2. c3 d5 3. Bf4 Bf5 4. e3 e6 5. Nf3 Be7 6. Be2 0-0 7. Nbd2 c5 8. Ne5 Nfd7 9. Ndf3 f6 10. Nxd7 Nxd7 11. 0-0 g5 12. Bg3 Bg6 13. h4 g4 14. Ne1 f5 15. Bb5 c4 16. Bxd7 Qxd7 17. b3 b5 18. bxc4 bxc4 19. Be5 Bxh4 20. g3 Be7 21. Ng2 h5 22. Nf4 Kf7 23. Kg2 Bf6 24. Bxf6 Kxf6 25. Rh1 Rh8 26. Rb1 Be8 27. Rb4 Rh7 28. Qb1 Rc8 29. Rb8 Qc7 30. Rxc8 Qxc8 31. Qb4 Bg6 32. Qd6 Qd7 33. Nxd5+ 1-0

[Event "Krefeld Christmas op"]
[Site "Krefeld"]
[Date "2024.12.27"]
[Round "1"]
[White "Stirl, Tobias"]
[Black "Pfaar, Zeno"]
[Result "0-1"]
[WhiteElo "1725"]
[BlackElo "2019"]
[PlyCount "92"]
[EventDate "2024.12.27"]
[EventType "swiss"]
[EventRounds "7"]
[EventCountry "GER"]
[SourceTitle "CB01_2025"]
[SourceDate "2025.01.01"]
[SourceVersion "1"]
[SourceVersionDate "2025.01.01"]
[SourceQuality "1"]

1. e4 c5 2. Nf3 Nc6 3. c3 Nf6 4. e5 Nd5 5. d4 cxd4 6. cxd4 d6 7. Bc4 Nb6 8. Bb3 dxe5 9. dxe5 Qxd1+ 10. Bxd1 g6 11. 0-0 Bg7 12. Re1 Nc4 13. Ba4 Bd7 14. Bxc6 Bxc6 15. Nbd2 Nxd2 16. Bxd2 Rd8 17. Bc3 0-0 18. Rad1 Ba4 19. b3 Bd7 20. Bb4 Rfe8 21. h3 Kf8 22. a4 Be6 23. Nd2 Rd3 24. Rb1 Rc8 25. f4 Bh6 26. Rf1 Rd4 27. Nc4 Bxc4 28. bxc4 Rcxc4 29. Be1 Bxf4 30. Rxb7 Rxa4 31. Bf2 Rdb4 32. Rxa7 Rxa7 33. Bxa7 Bxe5 34. Rd1 Bd6 35. Be3 Kg7 36. Kf2 Rc4 37. Kf3 Be5 38. Rd5 Bf6 39. Rd7 e6 40. Rb7 Bd4 41. Bd2 Rc2 42. Bf4 h6 43. Bg3 Rc3+ 44. Ke4 Rxg3 45. Kxd4 Rxg2 46. Rb3 h5 0-1

[Event "Bamberg op 6th"]
[Site "Bamberg"]
[Date "2024.09.06"]
[Round "4"]
[White "Weber, Julian"]
[Black "Pfaar, Zeno"]
[Result "0-1"]
[WhiteElo "1804"]
[BlackElo "1925"]
[PlyCount "55"]
[EventDate "2024.09.04"]
[EventType "swiss"]
[EventRounds "7"]
[EventCountry "GER"]
[SourceTitle "EXT 2025"]
[Source "ChessBase"]
[SourceDate "2024.10.14"]
[SourceVersion "1"]
[SourceVersionDate "2024.10.14"]
[SourceQuality "1"]

1. e4 c5 2. c3 Nf6 3. e5 Nd5 4. Nf3 d6 5. Bb5+ Bd7 6. Bc4 e6 7. d4 dxe5 8. dxe5 Bc6 9. Bd2 a6 10. a4 Be7 11. 0-0 Nd7 12. Re1 Qc7 13. Bg5 Bxg5 14. Bxd5 Bxd5 15. Nxg5 h6 16. Nf3 c4 17. Nbd2 0-0 18. Nd4 Rab8 19. f4 b5 20. axb5 axb5 21. f5 exf5 22. Nxf5 Be6 23. Qg4 g6 24. Nxh6+ Kg7 25. Qf4 Rh8 26. Ng4 Rh4 27. h3 Bxg4 28. hxg4 0-1

[Event "GER-ch U25 op-A"]
[Site "Willingen"]
[Date "2024.05.19"]
[Round "1"]
[White "Ruddat, Jarne"]
[Black "Pfaar, Zeno"]
[Result "1-0"]
[WhiteElo "1854"]
[BlackElo "1961"]
[PlyCount "79"]
[EventDate "2024.05.19"]
[EventType "swiss"]
[EventRounds "9"]
[EventCountry "GER"]
[SourceTitle "EXT 2025"]
[Source "ChessBase"]
[SourceDate "2024.10.14"]
[SourceVersion "1"]
[SourceVersionDate "2024.10.14"]
[SourceQuality "1"]

1. e4 c5 2. Nf3 Nc6 3. Bb5 g6 4. Bxc6 dxc6 5. h3 Bg7 6. d3 Qc7 7. Nc3 e5 8. Be3 b6 9. Qd2 h6 10. Nh2 Ne7 11. f4 exf4 12. Bxf4 Qd8 13. Nf3 Be6 14. Be5 f6 15. Bf4 g5 16. Bg3 Ng6 17. Nd1 0-0 18. 0-0 Qd7 19. Ne3 Rad8 20. Qe2 Rde8 21. Qd2 Ne7 22. Bh2 Rd8 23. Rad1 Qe8 24. b3 Qg6 25. g4 Qh7 26. Nf5 Nxf5 27. exf5 Bd5 28. c4 Bxf3 29. Rxf3 h5 30. Re3 hxg4 31. hxg4 Rf7 32. Qe2 Bf8 33. Re1 Rd4 34. Re4 Rfd7 35. Rxd4 Rxd4 36. Qf3 Qd7 37. Re3 Bd6 38. Bxd6 Qxd6 39. Qh3 Qf4 40. Re8+ 1-0

[Event "BL2-West 2324"]
[Site "Germany"]
[Date "2023.12.03"]
[Round "4.8"]
[White "Pfaar, Zeno"]
[Black "Breutigam, Martin"]
[Result "0-1"]
[WhiteElo "1971"]
[BlackElo "2354"]
[PlyCount "58"]
[EventDate "2023.10.21"]
[EventType "team-tourn"]
[EventRounds "10"]
[EventCountry "GER"]
[SourceTitle "EXT 2025"]
[Source "ChessBase"]
[SourceDate "2024.10.14"]
[SourceVersion "1"]
[SourceVersionDate "2024.10.14"]
[SourceQuality "1"]
[WhiteTeam "Koeln SF"]
[BlackTeam "Werder Bremen II"]
[WhiteTeamCountry "GER"]
[BlackTeamCountry "GER"]

1. e4 c6 2. d4 d5 3. e5 c5 4. Nf3 Bg4 5. dxc5 Nc6 6. c3 Bxf3 7. gxf3 e6 8. b4 Nxe5 9. Bf4 Nc6 10. Qa4 a6 11. Nd2 Be7 12. Nb3 Bf6 13. Nd4 Nge7 14. 0-0-0 0-0 15. Bd6 Re8 16. Bd3 Nxd4 17. cxd4 Nc6 18. Bb1 Nxd4 19. Qa3 g6 20. Qe3 Nb5 21. Be5 Bxe5 22. Qxe5 Qh4 23. f4 a5 24. a4 Na3 25. b5 Rac8 26. Qd4 Qe7 27. c6 bxc6 28. b6 c5 29. Qb2 Nc4 0-1

[Event "Mittelrhein Verbandsliga Nord 1920"]
[Site "Mittelrhein"]
[Date "2020.02.16"]
[Round "6.8"]
[White "Pfaar, Zeno"]
[Black "Behrens, Patrick"]
[Result "0-1"]
[WhiteElo "1392"]
[BlackElo "1600"]
[PlyCount "60"]
[EventDate "2019.09.29"]
[EventType "team-tourn"]
[EventRounds "9"]
[EventCountry "GER"]
[SourceTitle "EXT 2023"]
[Source "ChessBase"]
[SourceDate "2022.10.05"]
[SourceVersion "1"]
[SourceVersionDate "2022.10.05"]
[SourceQuality "1"]
[WhiteTeam "Klub Koelner SF III"]
[BlackTeam "Koeln Muelheim"]
[WhiteTeamCountry "GER"]
[BlackTeamCountry "GER"]

1. e4 c5 2. Nf3 d6 3. d4 cxd4 4. Nxd4 Nf6 5. Nc3 a6 6. a4 e6 7. Be2 Be7 8. 0-0 0-0 9. Be3 Nbd7 10. Bc4 Nb6 11. Ba2 Qc7 12. f4 Rd8 13. Qe2 d5 14. e5 Nfd7 15. Qg4 Nc4 16. Nxe6 fxe6 17. Qxe6+ Kf8 18. Nxd5 Nc5 19. Nxc7 Nxe6 20. Nxa8 Nxe3 21. Rf3 Nxc2 22. Rc1 Ncd4 23. Rf2 Bc5 24. Kf1 Nc6 25. Rfc2 Be3 26. Bxe6 Bxe6 27. Nc7 Bf5 28. Re1 Bb6 29. Rxc6 bxc6 30. e6 Bd3+ 0-1